[Event "CRO-chT3 East-A"]
[Site "Croatia"]
[Date "2005.03.13"]
[Round "1.5"]
[White "Plavsic, Momir"]
[Black "Miletic, Zlatko"]
[Result "1/2-1/2"]
[WhiteElo "1940"]
[BlackElo "1902"]
[PlyCount "93"]
[EventDate "2005.03.13"]
[EventType "team-tourn"]
[EventRounds "11"]
[EventCountry "CRO"]
[SourceTitle "EXT 2007"]
[Source "ChessBase"]
[SourceDate "2006.11.23"]
[SourceVersion "1"]
[SourceVersionDate "2006.11.23"]
[SourceQuality "1"]
[WhiteTeam "Pakrac"]
[BlackTeam "Velimirovac"]
[WhiteTeamCountry "CRO"]
[BlackTeamCountry "CRO"]

1. e4 e6 2. d4 d5 3. e5 c5 4. c3 Nc6 5. Nf3 Nge7 6. Bd3 Ng6 7. a3 Be7 8. 0-0 Bd7 9. b4 cxd4 10. cxd4 0-0 11. Be3 Rc8 12. Nbd2 f6 13. b5 Na5 14. Qe2 b6 15. a4 f5 16. g3 Bb4 17. Rac1 Bxd2 18. Nxd2 Qe7 19. h4 Rxc1 20. Rxc1 Rc8 21. Nf3 Qb4 22. Rxc8+ Bxc8 23. Qc2 Nc4 24. Bd2 Qa3 25. Bc1 Qb4 26. Kg2 Ne7 27. Bg5 Kf7 28. Bc1 h6 29. Bxc4 Qxc4 30. Qd1 a6 31. bxa6 Bxa6 32. Be3 Nc6 33. Nd2 Qb4 34. Qc2 Bc4 35. Nxc4 Qxc4 36. Qxc4 dxc4 37. Kf1 Ke7 38. Ke2 Kd7 39. Kd2 Na5 40. Kc3 Kc6 41. f3 Kd5 42. Bf4 Nc6 43. Be3 g5 44. hxg5 hxg5 45. Bf2 g4 46. f4 Na5 47. Kb4 1/2-1/2